000 00354nam a2200145 i 4500
001 bg
100 1 _aSOSIŃSKI, B.
245 0 _aNaprawa kalkulatorów i zegarków elektronicznych /
_cB. Sosiński.
250 _aWyd.2 popr.
260 _aWarszawa,
_c1986.
040 _cBPK
041 _apol
942 _cKS
008 s pl f |000 0 pol
999 _c2825
_d2825
856 _uhttp://koha.tu.koszalin.pl/cgi-bin/koha/opac-detail.pl?biblionumber=2825
_yKatalog online BPK